Rappers portugueses - Statistics

Estatísticas Gerais
  • Esse quiz foi jogado 30 vezes
  • A pontuação média é 8 de 20
Estatísticas das Respostas
Resposta % Correto
dillaz
88%
plutonio
75%
sam the kid
71%
bispo
54%
piruka
54%
profjam
50%
slow j
50%
van zee
50%
regula
42%
zara g
42%
ivandro
38%
gson
33%
lon3r johny
29%
richie campbell
29%
julinho ksd
21%
lhast
21%
t rex
21%
deejay telio
17%
x tense
17%
phoenix rdc
8%
Nenhum quiz correspondente encontrado
Distribuição das Pontuações
Porcentagem de Pessoas com Cada Pontuação
Percentil de Números Respondidos
Sua Pontuação Histórica
Você não jogou esse quiz